Giáo trình thiết kế máy điện /
Tài liệu được biên soạn cho sinh viên ngành máy điện, sinh viên ngành điện và các kỹ sư điện. Giáo trình gồm 12 chương, 9 chương đầu đề cập những vấn đề cơ bản và tổng quát về thiết kế máy điện như cách xác định kích thước chủ yếu...
Wedi'i Gadw mewn:
| Prif Awdur: | |
|---|---|
| Fformat: | Llyfr |
| Iaith: | Vietnamese |
| Cyhoeddwyd: |
H. :
Đại học Bách khoa Tp.Hồ Chí Minh ,
1980
|
| Rhifyn: | In lần thứ 1 |
| Pynciau: | |
| Tagiau: |
Ychwanegu Tag
Dim Tagiau, Byddwch y cyntaf i dagio'r cofnod hwn!
|
| Thư viện lưu trữ: | Thư viện Trường CĐ Kỹ Thuật Cao Thắng |
|---|
| LEADER | 01877nam a2200265 a 4500 | ||
|---|---|---|---|
| 001 | TVCDKTCT351 | ||
| 003 | Thư viện trường Cao đẳng Kỹ thuật Cao Thắng | ||
| 005 | 20220930102017.000 | ||
| 008 | 050801 | ||
| 980 | \ | \ | |a Thư viện Trường CĐ Kỹ Thuật Cao Thắng |
| 024 | |a RG_1 #1 eb0 i1 | ||
| 041 | 0 | # | |a vie |
| 082 | # | # | |a 621.313 / |b TR121H-gi |
| 100 | 1 | # | |a Trần Khánh Hà |
| 245 | 0 | 0 | |a Giáo trình thiết kế máy điện / |c Trần Khánh Hà |
| 250 | # | # | |a In lần thứ 1 |
| 260 | # | # | |a H. : |b Đại học Bách khoa Tp.Hồ Chí Minh , |c 1980 |
| 300 | # | # | |a 424tr. ; |c 24cm |
| 520 | # | # | |a Tài liệu được biên soạn cho sinh viên ngành máy điện, sinh viên ngành điện và các kỹ sư điện. Giáo trình gồm 12 chương, 9 chương đầu đề cập những vấn đề cơ bản và tổng quát về thiết kế máy điện như cách xác định kích thước chủ yếu của máy điện, tính toán thông gió, tản nhiệt và tính toán cơ, 3 chương sau nêu lên phương pháp tính toán cụ thể ba loại máy điện quay thông dụng (máy một chiều, máy không đồng bộ và máy đồng bộ), có chú ý đến đặc điểm thiết kế các máy điện một chiều công suất lớn, các máy phát tuốcbin và hơi nước. Với mỗi loại máy đều có ví dụ cụ thể. |
| 650 | # | 4 | |a Máy điện |
| 653 | # | # | |a Electric Machines |
| 653 | # | # | |a Industrial Electrical Engineering |
| 721 | # | # | |a 01. CNKT Điện - Điện tử |
| 721 | # | # | |a 15. Điện công nghiệp |
| 841 | # | # | |b Kho Sách |j 100004009, 100004010, 100004258, 100004260, 100004261, 100004262 |